00520nam a2200145Ia 4500008004100000020001800041082001600059100003600075245007300111260004700184300001000231942000700241999001900248952010700267191014s9999 xx 000 0 und d a3-540-50699-3 a539.72bMIT aH. Mitter and F. Widder 920588 0aProceedings of Particle Physics and Astrophysics Current Viewpoints  aSingaporebWorld Scientific Company c1989 aX,309 cBK c531183d531183 00104070aSNSbSNSd2019-10-15eDonationg0.00l0o539.72MITpSNS0002960r2022-12-02w2019-10-15yBK